| 000 | 01139nam0a22002531 4500 | ||
|---|---|---|---|
| 001 | v19\rc\1202582 | ||
| 005 | 20260406164042.0 | ||
| 035 | _a(NLR Aleph) 004367845 | ||
| 090 |
_a3459157 _c3459157 |
||
| 100 | _a20060306d1866 |||y0rusy50 ca | ||
| 101 | 0 | _arus | |
| 102 | _aRU | ||
| 105 | _ay z ||||| | ||
| 200 | 1 | _aВ память чудесного избавления от руки злодея обожаемого монарха, освободителя России, его императорского величества, государя императора Александра Николаевича. 4 апр. 1866 г. | |
| 210 |
_a[Москва] _cизд. авт. _dценз. 1866 _eСанкт-Петербург |
||
| 215 | _a1 л. | ||
| 300 | _aВ конце текста авт.: Иван Трике | ||
| 700 | 1 |
_aТрике _bИ.И. _gИван Иванович |
|
| 702 | 0 |
_4280 _8rus _7ca _aАлександр _cимператор российский _dII _f1818-1881 _3RU\NLR\AUTH\7710521 _9120289 |
|
| 801 | 0 |
_aRU _bNLR _gpsbo |
|
| 801 | 1 |
_aRU _bProSoft-M _2rusmarc |
|
| 852 |
_aNLR _j18.132.1.7 |
||
| 942 | _cBOOK | ||
| 980 | _aNB | ||